00513 2200193 4500001002100000005001500021035002000036245004400056100001900100300003000119856003600149700001600185260003800201082001000239084001600249020002200265990001600287990001600303INLIS00000000000039820200225073905 a0010-02200001431 aBudidaya tanaman obat /cPrety Rosyidin0 aPrety Rosyidin aIV + 96 hlm ;c14 x 21 cm aPerpustakaan Umum Kota Makassar0 aNur Iswarso aYogyakarta :bINDOLITERASI,c2016 a633.8 a633.8 PRE b a978-602-1129-78-4 a00000000658 a00000000659